Educación cívica 3 /
Guardado en:
| Autor Principal: | |
|---|---|
| Formato: | Libro |
| Publicado: |
Buenos Aires :
Aique,
1990
|
| Edición: | 5a. ed. |
| Materias: | |
| Etiquetas: |
Agregar Etiqueta
Sin Etiquetas, Sea el primero en etiquetar este registro!
|
| LEADER | 00716nam a22002175a 4500 | ||
|---|---|---|---|
| 001 | CEM.cems004908 | ||
| 005 | 20060217000000.0 | ||
| 008 | 130507s1990##################000#0#####d | ||
| 003 | CEMS | ||
| 082 | 0 | 4 | |a 320 |
| 100 | 1 | |a Pasel, Susana | |
| 245 | 1 | 0 | |a Educación cívica 3 / |
| 250 | |a 5a. ed. | ||
| 260 | |a Buenos Aires : |b Aique, |c 1990 | ||
| 300 | |a 352 p. | ||
| 653 | |a Ciencias políticas | ||
| 653 | |a Donacion c. basico | ||
| 859 | |a CEMS |b BIB. CEMS - 11 de abril |h 320 |i P26a5/III |p 16214.91 |t Ej.1 | ||
| 859 | |a CEMS |b BIB. CEMS - 11 de abril |h 320 |i P26a5/III |p 16215.91 |t Ej.2 | ||
| 859 | |a CEMS |b BIB. CEMS - 11 de abril |h 320 |i P26a5/III |p 16216.91 |t Ej.3 | ||
| 859 | |a CEMS |b BIB. CEMS - 11 de abril |h 320 |i P26a5/III |p 16217.91 |t Ej.4 | ||
